00869na a2200229 450000100060000000300080000600500170001400800410003102000150007204000250008704100080011208200250012024501840014526000480032930000430037750400190042065000620043970000310050170000190053270000210055171000670057218968MIRAKIL20181213155051.0161206b tu 000 0  a9756786051 aMilasbturcTR-AnCHP atur a355.30956 bO75 1999 aOsmanlı ordu teşkilatıchazırlayan makam Milli Savunma Bakanlığı Personel Daire Başkanlığı, hazırlayanlar Cengiz Eroğlu, Hülya Yarar, İ. Göktuğ Demiröz aAnkarabTürk Tarih Kurumu basımevic1999 ayaklaşık 300 s.bres.,tbl.,c30 sm. aKaynakça var aAskerlik bilimixOrganizasyonzOsmanlı İmparatorluğu aDemiröz, İ. Göktuğ aYarar, Hülya aEroğlu, Cengiz aMilli Savunma BakanlığıbPersonel Dairesi Başkanlığı